Auswirkungen der Digitalisierung auf die Nachhaltigkeit

Digitálna transformácia mení obchodné modely a procesy, ako aj spôsob komunikácie. Tento vývoj prináša nové príležitosti, ale aj riziká a hľadanie jeho dôsledkov iba čisto z ekonomického hľadiska by nebolo dostatočne komplexné, keďže takáto transformácia zasahuje do sociálnych oblastí a tiež je nutn...

ver descrição completa

Na minha lista:
Detalhes bibliográficos
Autor principal: Barfuß, Georg
Outros Autores: Jünger, Michael, Bauer, Mathias R.
Formato: Capítulo de Livro
Idioma:alemão
Assuntos:
Tags: Adicionar Tag
Sem tags, seja o primeiro a adicionar uma tag!

MARC

LEADER 00000nla a2200000 4500
001 0247861
005 20240502083702.6
041 0 |a ger 
044 |a DE 
245 1 0 |a Auswirkungen der Digitalisierung auf die Nachhaltigkeit  |c Georg Barfuß, Michael Jünger, Mathias R. Bauer 
520 |a Digitálna transformácia mení obchodné modely a procesy, ako aj spôsob komunikácie. Tento vývoj prináša nové príležitosti, ale aj riziká a hľadanie jeho dôsledkov iba čisto z ekonomického hľadiska by nebolo dostatočne komplexné, keďže takáto transformácia zasahuje do sociálnych oblastí a tiež je nutné vnímať aj ekologický kontext. Spojenie medzi digitalizáciou a ekonomickou, ekologickou a sociálnou prosperitou na vzorke 97 krajín. 
610 2 0 |a digitalizácia 
610 2 0 |a rozvoj trvalo udržateľný 
610 2 0 |a transformácia 
610 2 0 |a spoločnosť 
610 2 0 |a spoločnosť informačná 
610 2 0 |a ekológia 
610 2 0 |a prosperita ekonomická 
100 1 |a Barfuß, Georg 
700 1 |a Jünger, Michael 
700 1 |a Bauer, Mathias R.